Sports Quiz

Random Sports Quiz

Cycling: Parijs-Brussel Winners Quiz Stats

 Plays Quiz not verified by Sporcle

Score 0/98 Timer 10:00
0 Plays Today
Hint Answer % Correct
2002Robbie McEwen
95.1%
2005Robbie McEwen
95.1%
2006Robbie McEwen
95.1%
2007Robbie McEwen
95.1%
2008Robbie McEwen
95.1%
1973Eddy Merckx
93.8%
1981Roger De Vlaeminck
84%
1992Rolf Sørensen
82.7%
1994Rolf Sørensen
82.7%
1956Rik Van Looy
81.5%
1958Rik Van Looy
81.5%
1975Freddy Maertens
81.5%
2012Tom Boonen
81.5%
2016Tom Boonen
80%
1999Romāns Vainšteins
79%
2003Kim Kirchen
77.8%
2013André Greipel
76.5%
2014André Greipel
76.5%
1950Rik Van Steenbergen
75.3%
1978Jan Raas
75.3%
2017Arnaud Démare
71.1%
1909François Faber
70.4%
1966Felice Gimondi
66.7%
1976Felice Gimondi
66.7%
1984Eric Vanderaerden
66.7%
1927Nicolas Frantz
65.4%
1985Adrie van der Poel
63%
1920Henri Pélissier
61.7%
1946Briek Schotte
61.7%
1952Briek Schotte
61.7%
1911Octave Lapize
55.6%
1912Octave Lapize
55.6%
1913Octave Lapize
55.6%
Hint Answer % Correct
1996Andrea Tafi
55.6%
1908Lucien Petit-Breton
53.1%
1986Guido Bontempi
53.1%
1907Gustave Garrigou
51.9%
1983Tommy Prim
51.9%
1938Marcel Kint
50.6%
1928Georges Ronsse
49.4%
2015Dylan Groenewegen
46.5%
1977Ludo Peeters
43.2%
1979Ludo Peeters
43.2%
1990Franco Ballerini
42%
1988Rolf Gölz
39.5%
1965Ward Sels
38.3%
2004Nick Nuyens
38.3%
1980Pierino Gavazzi
37%
1974Marc Demeyer
34.6%
2010Francisco Ventoso
34.6%
1963Jean Stablinski
33.3%
2009Matthew Goss
33.3%
1989Jelle Nijdam
32.1%
1931Jean Aerts
27.2%
1982Jacques Hanegraaf
27.2%
1995Frank Vandenbroucke
27.2%
1957Leon Van Daele
25.9%
1922Félix Sellier
24.7%
1923Félix Sellier
24.7%
1924Félix Sellier
24.7%
1932Julien Vervaecke
23.5%
1961Pino Cerami
23.5%
1998Stefano Zanini
23.5%
2000Max van Heeswijk
23.5%
1947Ernest Sterckx
22.2%
2018Pascal Ackermann
22.2%
Hint Answer % Correct
2011Denis Galimzyanov
21%
1914Louis Mottiat
19.8%
1936Eloi Meulenberg
19.8%
1993Francis Moreau
14.8%
1934Frans Bonduel
13.6%
1939Frans Bonduel
13.6%
1964Georges Van Coningsloo
13.6%
1991Brian Holm
13.6%
1925Gerard Debaets
11.1%
1953Loretto Petrucci
9.9%
2001Emmanuel Magnien
9.9%
1893André Henry
8.6%
1987Wim Arras
7.4%
1959Frans Schoubben
6.2%
1997Alessandro Bertolini
6.2%
1906Albert Dupont
4.9%
1926Denis Verschueren
4.9%
1935Edgard De Caluwé
4.9%
1949Maurice Diot
4.9%
1962Joseph Wouters
4.9%
1910Maurice Brocco
3.7%
1919Alexis Michiels
3.7%
1921Robert Reboul
3.7%
1929Pé Verhaegen
3.7%
1930Ernest Mottard
3.7%
1933Albert Barthélémy
3.7%
1937Albert Beckaert
3.7%
1948Lode Poels
3.7%
1951Jean Guéguen
3.7%
1954Marcel Hendrickx
3.7%
1955Marcel Hendrickx
3.7%
1960Pierre Everaert
3.7%

You're not logged in!

Compare scores with friends on all Sporcle quizzes.
OR
Log In

Show Comments

Extras

Top Quizzes Today


Score Distribution

Your Account Isn't Verified!

In order to create a playlist on Sporcle, you need to verify the email address you used during registration. Go to your Sporcle Settings to finish the process.

Report this User

Report this user for behavior that violates our Community Guidelines.

Details: